Normal view
MARC view
- TOCCI, RONALD.J
Entry Personal Name
001 - CONTROL NUMBER
- control field: 66452
003 - CONTROL NUMBER IDENTIFIER
- control field: NUST
005 - DATE AND TIME OF LATEST TRANSACTION
- control field: 20210628203608.0
008 - FIXED-LENGTH DATA ELEMENTS
- fixed length control field: 210628|| aca||aabn | a|a d
040 ## - CATALOGING SOURCE
- Original cataloging agency: NUST
- Transcribing agency: NUST
100 ## - HEADING--PERSONAL NAME
- Personal name: TOCCI, RONALD.J
670 ## - SOURCE DATA FOUND
- Source citation: Work cat.: (NUST): TOCCI, RONALD.J, DIGITAL SYSTEMS, PRINCIPLE AND APPLICATIONS, 1988
